[Event "Lippe Cup 04th"]
[Site "Lieme"]
[Date "2007.09.30"]
[Round "5"]
[White "Oelschlaeger, Lennart"]
[Black "Holtmann, Dieter"]
[Result "1/2-1/2"]
[WhiteElo "1322"]
[BlackElo "1103"]
[PlyCount "33"]
[EventDate "2007.09.28"]
[EventType "swiss"]
[EventRounds "5"]
[EventCountry "GER"]
[SourceTitle "EXT 2012"]
[Source "ChessBase"]
[SourceDate "2011.11.24"]
[SourceVersion "1"]
[SourceVersionDate "2011.11.24"]
[SourceQuality "1"]

1. e4 e5 2. Nf3 Nc6 3. Bc4 h6 4. Nc3 Nf6 5. d3 Bc5 6. Be3 Bxe3 7. fxe3 0-0 8. h3 Qe7 9. 0-0 d6 10. Re1 g5 11. d4 g4 12. hxg4 Bxg4 13. d5 Nd8 14. Bf1 Nh7 15. Qe2 f5 16. exf5 Rxf5 17. e4 1/2-1/2